Corporate governance / (Record no. 5194)
[ view plain ]
| 000 -LEADER | |
|---|---|
| fixed length control field | 00955cam a22002054a 4500 |
| 020 ## - INTERNATIONAL STANDARD BOOK NUMBER | |
| ISBN | 0131735349 |
| 020 ## - INTERNATIONAL STANDARD BOOK NUMBER | |
| ISBN | 9780131735347 |
| 020 ## - INTERNATIONAL STANDARD BOOK NUMBER | |
| ISBN | 9780136038719 (pbk.) |
| 020 ## - INTERNATIONAL STANDARD BOOK NUMBER | |
| ISBN | 0136038719 (pbk.) |
| 050 00 - CALL NUMBER | |
| Classification number | HD2741 |
| Item number | .K4713 |
| 100 1# - AUTHOR | |
| Personal name | Kim, Kenneth A. |
| 245 10 - TITLE | |
| Title | Corporate governance / |
| Statement of responsibility, etc | Kenneth A. Kim, John R. Nofsinger. |
| 250 ## - EDITION | |
| Edition statement | 2nd ed. |
| 260 ## - PUBLICATION INFORMATION | |
| Place of publication | Upper Saddle River, N.J. : |
| Name of publisher | Pearson/Prentice Hall, |
| Year of publication | c2007. |
| 300 ## - DESCRIPTION | |
| Number of Pages | xvii, 164 p. : |
| Other physical details | ill. ; |
| Dimensions | 23 cm. |
| 505 0# - FORMATTED CONTENTS NOTE | |
| Table of Content | Corporations and corporate governance -- Executive incentives -- Accountants and auditors -- The board of directors -- Investment banks and securities analysts -- Creditors and credit rating agencies -- Shareholders and shareholder activism -- Corporate takeovers : a governance mechanism? -- The securities and exchange commission -- New governance rules -- Corporate citizenship. |
| 650 #0 - SUBJECTS | |
| Topical Term | Corporate governance |
| 700 1# - OTHER AUTHORS | |
| Personal name | Nofsinger, John R. |
| 942 ## - ADDED ENTRY ELEMENTS (KOHA) | |
| Koha item type | Books |
| Withdrawn status | Lost status | Collection code | Home library | Current library | Shelving location | Date acquired | Full call number | Accession Number | Koha item type |
|---|---|---|---|---|---|---|---|---|---|
| Reference | Methodist University Library Main | Methodist University Library Main | General Stacks | 17/08/2011 | HD2741 .K4713 | 32420 | Books | ||
| Non-fiction | Methodist University Library Main | Methodist University Library Main | General Stacks | 17/08/2011 | HD2741 .K4713 | 32419 | Books | ||
| Non-fiction | Methodist University Library Main | Methodist University Library Main | General Stacks | 17/08/2011 | HD2741 .K4713 | 32422 | Books | ||
| Non-fiction | Methodist University Library Main | Methodist University Library Main | General Stacks | 17/08/2011 | HD2741 .K4713 | 32417 | Books | ||
| Reference | Methodist University Library Main | Methodist University Library Main | General Stacks | 17/08/2011 | HD2741 .K4713 | 32424 | Books | ||
| Non-fiction | Methodist University Library Main | Methodist University Library Main | General Stacks | 17/08/2011 | HD2741 .K4713 | 32421 | Books | ||
| Non-fiction | Methodist University Library Main | Methodist University Library Main | General Stacks | 17/08/2011 | HD2741 .K4713 | 32418 | Books | ||
| Non-fiction | Methodist University Library Main | Methodist University Library Main | General Stacks | 17/08/2011 | HD2741 .K4713 | 32425 | Books |